000 00487nam a2200169Ia 4500
008 151213s9999 xx 000 0 und d
020 _a978-81203-3216-4
100 _aPushpinder Syal , D.V.Jindal
245 _aAn Introduction To Linguistics
_cPushpinder Syal , D.V.Jindal
250 _a2nd
260 _aNew Delhi
_bPrantic Hall
_c2007
300 _a5260 p.
650 _aEnglish Literature
650 _aEnglish Literature
700 _aPushpinder Syal , D.V.Jindal
999 _c3248
_d3248